[Event "Petah Tikva Liberman"]
[Site "Petah Tikva"]
[Date "1998.01.20"]
[Round "9"]
[White "Krayz, Alexander"]
[Black "Tsesarsky, Ilya"]
[Result "0-1"]
[WhiteElo "2375"]
[BlackElo "2425"]
[Annotator "Tsesarsky,I"]
[PlyCount "144"]
[EventDate "1998.??.??"]
[EventType "swiss"]
[EventRounds "9"]
[EventCountry "ISR"]
[SourceTitle "CBM 063"]
[Source "ChessBase"]
[SourceDate "1998.03.26"]
[SourceVersion "1"]
[SourceVersionDate "1998.03.26"]
[SourceQuality "1"]

1. e4 c5 2. Nf3 Nc6 3. Bb5 e6 4. O-O Nge7 5. b3 Ng6 6. Bb2 (6. Re1 Be7 7. Bb2
O-O 8. Nc3 Qc7 9. Bf1 a6 10. d4 cxd4 11. Nxd4 Nxd4 12. Qxd4 Bf6 13. Qd2 b6 14.
Rad1 Rd8 15. Qd6 Qxd6 16. Rxd6 Be7 17. Rd2 Bb7 18. Na4 $14 {1/2-1/2 Bellon,
J-Visier,F/Montilla Moriles 1978 (45)}) 6... Qc7 (6... Be7 7. Bxg7 Rg8 8. Bb2
h5 9. Nc3 Qc7 10. Re1 $16 {1-0 Smirin,I-Nun,J/Polanica Zdroj 1989 (20)}) 7. Re1
(7. d4 cxd4 8. Bxc6 bxc6 9. Qxd4 f6 10. c4 c5 11. Qe3 Bb7 12. Nc3 a6 13. Rad1
Be7 14. Ne1 O-O 15. f4 f5 $132 {0-1 Jacek,M-Sherbakov,R/Mlada Boleslav op 1994
(33)}) 7... f6 8. Bf1 $146 (8. c3 Be7 9. d4 O-O 10. Bf1 a6 11. d5 (11. Nbd2 b5
12. a4 Rb8 13. d5 Nce5 14. axb5 axb5 15. c4 b4 16. Nxe5 fxe5 17. g3 d6 $132 {
0-1 Smirin,I-Nijboer,F/Tilburg 1993 (43)}) 11... Nce5 12. Nxe5 Nxe5 13. c4 Nf7
14. Nc3 Bd6 15. g3 Be5 16. Qc2 Bd4 $11 {0-1 Smirin,I-Tseshkovsky,V/URS-FL
Sverdlovsk 1987 (41)}) (8. Bxc6 bxc6 9. e5 Be7 (9... fxe5 10. Nxe5 Nxe5 11.
Bxe5 d6 12. Bb2 Qf7 13. Qg4 e5 14. Qe4 Bb7 15. f4 Be7 16. fxe5 O-O 17. Qe2 Rae8
18. Na3 $16) 10. exf6 gxf6 11. h4 Rg8 (11... d5 $132) 12. Kh1 Qf4 $132 {
0-1 Jusic,Z-Hardicsay,P/Werfen op 1989 (27)}) (8. Nc3 Bd6 9. Bxc6 bxc6 10. Na4
O-O 11. d3 Be7 12. Ba3 d6 13. c3 e5 14. d4 cxd4 15. cxd4 Bg4 16. h3 (16. d5
cxd5 17. Qxd5+ Kh8 18. Rac1 Qd7 19. Re3 $11) 16... Bxf3 17. Qxf3 exd4 18. Qd1
c5 19. b4 $44 {0-1 Zapolskis,A-Sveshnikov,E/Riga op 1995 (57)}) 8... Be7 9. c4
O-O (9... e5 10. Nc3 d6 11. Nd5 Qd8 12. Ne3 O-O 13. d3 Be6 14. g3 Qd7 15. h4
Bd8 16. Bg2 (16. h5 Nge7 17. Nh4 Ba5 $17) 16... Ba5 17. Re2 a6 $132) 10. Nc3
Nge5 11. Nb5 $5 (11. Nxe5 fxe5 12. d3 d6 $11) 11... Qb6 12. d3 a6 13. Na3 Qa7
$6 (13... Nxf3+ 14. Qxf3 Nd4 15. Qd1 Bd6 16. g3 Be5 $1 17. Rb1 Nc6 18. Bg2 d6
19. Nc2 Bxb2 20. Rxb2 e5 21. Ne3 Be6 $132) (13... Bd6 $1 14. Nd2 Nf7 15. Nc2 (
15. Nf3 Nfe5 $11) 15... Be5 $11) 14. Nc2 b5 $5 15. Nd2 (15. cxb5 axb5 16. d4
Nxf3+ (16... cxd4 17. Bxb5 Nxf3+ 18. Qxf3 e5 19. a3 Bb7 $132 (19... Ba6 $132))
17. Qxf3 Qb6 (17... Nxd4 18. Nxd4 cxd4 19. Bxb5 Bb4 20. Red1 Qa5 21. a4 e5 22.
Bc4+ Kh8 23. Bd5 $14) 18. Red1 cxd4 19. Nxd4 Ba3 $1 20. Bxa3 Nxd4 21. Qe3 Rxa3
22. Qxd4 Qxd4 23. Rxd4 e5 24. Rb4 Ba6 25. Bxb5 Bxb5 26. Rxb5 Rfa8 27. Rb7 Rxa2
28. Rxa2 Rxa2 29. Kf1 $11) 15... bxc4 (15... d6 16. cxb5 axb5 17. d4 Nxd4 18.
Nxd4 cxd4 19. Bxb5 $14) (15... Bb7 $5 16. f4 (16. cxb5 axb5 17. d4 cxd4 18.
Bxb5 d3 19. Ne3 $8 Nd4 $15) 16... Ng6 17. g3 Rfb8 18. Bg2 e5 19. f5 Nh8 20. a4
Qb6 21. Bc3 Nf7 22. Ne3 (22. a5 Qd8 23. Qh5 b4 24. Bb2 Nxa5 $15) 22... Nd4 $11)
16. bxc4 Rb8 17. Bc3 d6 (17... Nd4 $5 18. Rb1 Rxb1 19. Qxb1 Nec6 $132) 18. f4
Nd7 $6 (18... Ng6 19. g3 Bd8 20. Bg2 Ba5 21. Bxa5 Nxa5 22. Rb1 $132) 19. g3 $14
Nb6 (19... e5 20. Bh3 Kh8 21. Qh5 g6 22. Qh6 Nb4 23. Bxb4 cxb4+ 24. Kg2 Nc5 25.
Bxc8 Rfxc8 26. Re3 Ne6 27. Rb1 $14) 20. Ne3 Nd4 (20... e5 21. f5 $14) 21. Rb1
Bd7 22. Ba1 f5 $6 (22... e5 23. f5 $14) (22... Ba4 23. Qg4 f5 24. exf5 exf5 25.
Qh5 Bf6 26. Bg2 Bc2 $1 (26... g6 27. Qh6 Rfe8 (27... Nc2 $4 28. Nxc2 Bxc2 29.
Bxf6 Rxf6 30. Rxb6 $3 $18) 28. Nd5 Bg7 29. Qh4 Nxd5 (29... Nc2 $4 30. Rxe8+
Bxe8 31. Bxg7 Qxg7 (31... Kxg7 32. Qf6+ $18) 32. Rxb6 Qa1+ 33. Nf1 $18) 30.
Bxd5+ Kh8 31. Rxe8+ Bxe8 $8 32. Re1 (32. Rxb8 Qxb8 33. Qe7 Ba4 $8 34. Kg2 Qe8
35. Qxd6 Qe2+ 36. Kh3 Qg4+ 37. Kg2 Qe2+ $11) 32... Bc6 33. Re7 Qa8 (33... Qb6
34. Bxd4 Bxd4+ 35. Kf1 Bg7 36. Rxg7 $11) 34. Rxg7 Kxg7 35. Qe7+ Kh6 36. Qh4+
$11) 27. Nxc2 (27. Bd5+ Kh8 28. Rb2 Bxd3 $17) (27. Rbc1 g6 28. Qh6 Bxd3 $17)
27... Nxc2 28. Bxf6 Nxe1 29. Bxg7 Qxg7 30. Rxe1 $132) 23. exf5 $16 exf5 24. Bg2
Bf6 25. Nb3 Ba4 $8 (25... Rfe8 26. Nxd4 cxd4 27. Nc2 Ba4 28. Qd2 Rxe1+ 29. Rxe1
Nd7 30. Bd5+ Kh8 31. Be6 Qc5 32. Bxd7 Bxd7 33. Qf2 d5 34. Bxd4 Bxd4 35. Qxd4
Qxd4+ 36. Nxd4 dxc4 37. dxc4 $16) 26. Qd2 Bxb3 (26... Nxb3 27. axb3 Bxa1 28.
Rxa1 Bxb3 (28... Bd7 29. b4 $16) 29. Reb1 Ba4 30. Rxb6 Rxb6 31. Bd5+ Kh8 32.
Rxa4 $16) 27. axb3 a5 28. Nc2 Nd7 29. Nxd4 cxd4 30. Bd5+ Kh8 31. Qf2 $16 (31.
b4 Rxb4 32. Rxb4 axb4 33. Qxb4 Nc5 34. Qd2 Nb3 35. Qe2 Nxa1 36. Qe8 Qb8 37.
Qxb8 Rxb8 38. Rxa1 g6 39. Ra6 Rd8 40. h3 h5 $14) 31... Qc5 32. h3 Rbe8 (32...
Rfe8 33. Re6 $1 (33. Rxe8+ Rxe8 34. Rd1 Re3 35. Bb2 Qb4 36. Bc1 Re7 (36... Qxb3
37. Re1 Rxe1+ 38. Qxe1 Nf8 39. Qe8 Qd1+ 40. Kh2 Qc2+ 41. Bg2 Kg8 42. Ba3 g6 43.
Bxd6 Bg7 44. h4 $18) 37. Qf3 Qxb3 38. c5 Qb8 39. c6 Nc5 $132) 33... Rxe6 34.
Bxe6 Nf8 35. Bd5 a4 36. Qa2 Qb4 37. Kh2 axb3 38. Qa7 Qb6 39. Qf7 Ng6 40. Re1
Qd8 41. Bb2 Ne7 42. Bg2 Qe8 43. Qxe8+ Rxe8 44. Ba3 $16) 33. Be6 Nb8 34. Bb2 Re7
35. Ra1 Na6 36. Ba3 Nb4 37. Bxb4 axb4 38. Qf3 g6 (38... Rfe8 39. Ra6 (39. Kf1
Rd8 40. Ra8 Ree8 41. Rxd8 Bxd8 42. Re2 g6 43. g4 fxg4 44. hxg4 Rf8 45. f5 Bg5
46. Ra2 $16) 39... Rc7 40. Ra8 (40. Rea1 Rce7 41. Re1) 40... Rce7 41. Qb7 $18)
39. Ra8 Kg7 40. g4 (40. Kh1 $16) 40... fxg4 41. hxg4 Ra7 (41... Bh4 42. Re2
Rfe8 43. Qh1 $1 Rxa8 (43... Bf6 44. Rxe8 (44. g5 Bxg5 45. Rxe8 Rxe8 46. fxg5
Qxg5+ 47. Qg2 Qc1+ 48. Kh2 Qh6+ 49. Qh3 Qf4+ 50. Qg3 $18) 44... Rxe8 45. Qb7+
Re7 46. Qb8 $18) 44. Qxa8 $18) 42. Rxf8 Kxf8 43. g5 Bd8 44. Qh3 Qc7 (44... Bxg5
45. fxg5 Qxg5+ 46. Qg2 $18) 45. f5 $1 (45. Bd5 Qd7 46. Qh6+ Qg7 47. Qxg7+ Rxg7
48. Ra1 Bc7 49. Ra4 Ke7 50. Rxb4 Kd7 51. Ra4 $18) 45... Bxg5 46. fxg6 Be3+ 47.
Kh1 hxg6 (47... Qg7 48. Rf1+ Ke8 49. Bf7+ Kd8 50. gxh7 $18) 48. Rf1+ $2 (48.
Qh8+ Ke7 49. Rf1 Kxe6 50. Qh3+ Ke7 51. Qh7+ Ke8 52. Qxg6+ Qf7 53. Rxf7 Rxf7 54.
Qe6+ Re7 55. Qxd6 $18) 48... Kg7 49. Rf7+ Qxf7 50. Bxf7 Rxf7 51. Qe6 Rf1+ 52.
Kg2 Rf2+ $6 (52... Rb1 53. Qd7+ Kh6 54. Qa4 Rd1 55. Qxb4 Rxd3 56. Qxd6 Rxb3 57.
c5 $16) 53. Kg3 g5 $2 (53... Rb2 $16) 54. Qd7+ Rf7 55. Qb5 Bd2 56. Qb6 Be3 57.
Qxb4 Rf1 58. Qb7+ Kh6 59. Qd5 (59. Qe7 Rg1+ 60. Kh2 Kh5 61. Qf7+ $4 (61. Qh7+
Kg4 62. Qe4+ Kh5 63. b4 $18) 61... Kg4 62. Qe6+ (62. Qd5 $16) 62... Kf3 63.
Qe4+ Ke2 $2 $138 (63... Kf2 $19) 64. Qe6 Rb1 (64... Kf2 $19) 65. Kg3 Rb2 (65...
Rxb3 66. c5)) 59... Kh5 (59... Rg1+ 60. Kh2 Kh5) 60. Qe4 Rg1+ 61. Kh2 Rb1 62.
Qe8+ $6 $138 Kg4 63. Qe6+ $2 (63. Qe4+ Bf4+ 64. Kg2 Rb2+ 65. Kf1 Rxb3 66. Qxd4
$16) 63... Kf3 64. Qe4+ Ke2 65. Qg4+ Kd2 66. Qe6 Rb2 67. Kg3 Kxd3 68. Qf5+ Kc3
69. c5 dxc5 70. Qxc5+ Kxb3 71. Qb5+ Kc3 72. Qc5+ Kd2 0-1

[Event "Rishon Le Ziyyon 9798"]
[Site "Rishon Le Ziyyon"]
[Date "1997.08.23"]
[Round "8"]
[White "Sutovsky, Emil"]
[Black "Tsesarsky, Ilya"]
[Result "1-0"]
[WhiteElo "2560"]
[BlackElo "2390"]
[Annotator "Tsesarsky,I"]
[PlyCount "75"]
[EventDate "1997.12.25"]
[EventType "swiss"]
[EventRounds "9"]
[EventCountry "ISR"]
[SourceTitle "CBM 060"]
[Source "ChessBase"]
[SourceDate "1997.09.29"]
[SourceVersion "1"]
[SourceVersionDate "1997.09.29"]
[SourceQuality "1"]

1. e4 c5 2. Nf3 Nc6 3. Bb5 e6 4. O-O Nge7 5. Nc3 Ng6 6. d4 cxd4 7. Nxd4 Be7 8.
Be3 Qc7 (8... O-O 9. Qh5 Nxd4 10. Bxd4 f5 11. e5 a6 12. Be2 b5 13. Qf3 Rb8 14.
Qe3 f4 $132 {0-1 Yandemirov Valeri-Sveshnikov Evgeny/Cup Russia (open) 1996 
(48)}) 9. f4 (9. Kh1 $5 a6 10. Bd3 b5 (10... O-O $5) 11. Nxc6 Qxc6 $6 (11...
dxc6 12. Qh5 (12. f4 e5 13. f5 Nf4 14. Bxf4 exf4 15. Qg4 Bf6 16. Qxf4 Be5 $44)
12... e5 $11) 12. f4 Bb7 13. f5 Ne5 14. Qh5 Bf6 15. Bg5 $1 g6 $1 16. Qh4 (16.
Bxf6 gxh5 17. Bxh8 Ng4 {/\ 0-0-0}) 16... Bxg5 17. Qxg5 $14 {1-0 Yudasin,
L-Milov,V/Haifa 1995 (78)}) 9... a6 10. Bxc6 bxc6 $2 (10... dxc6 $1 11. f5 (11.
Qh5 e5 12. Nf5 Bxf5 13. Qxf5 Nxf4 $11) (11. e5 c5 $11) 11... exf5 12. exf5 Ne5
$11) 11. Qh5 $16 c5 12. Nde2 Bb7 13. Rad1 O-O-O $5 (13... O-O $2 14. Rf3 (14.
f5 Ne5 15. Nf4 $40) 14... d6 15. Rh3 h6 16. f5 Ne5 (16... exf5 17. exf5 Ne5 18.
Bxh6 Qc6 19. Nd5 $18) 17. Bxh6 $18) 14. Ng3 Qc6 $1 (14... d6 $5 15. f5 Ne5 16.
Qh3 Nc4 (16... Qd7 17. Bxc5) 17. Bc1 Qd7 18. b3 Nb6 (18... Ne5 19. Na4 $18) 19.
fxe6 fxe6 20. Rf7 g6 (20... h5 21. e5 d5 22. Bg5 Rde8 23. Nce4 c4 24. Rxe7 Rxe7
25. Nc5 Qe8 26. Bxe7 Qxe7 27. Qxe6+ $16) 21. Bg5 Rde8 22. e5 d5 23. Nce4 $16)
15. f5 d5 $1 (15... Ne5 16. fxe6 Qxe6 17. Nd5 $16) 16. fxg6 hxg6 17. Qg4 $5 (
17. exd5 $1 exd5 18. Qg4+ f5 19. Rxf5 Rh4 20. Qf3 d4 (20... gxf5 21. Nxf5 $18)
21. Qxc6+ Bxc6 22. Re5 dxc3 23. Rxd8+ Kxd8 24. bxc3 Rc4 25. Bg5 Bxg5 26. Rxg5
Rxc3 27. Rxg6 Kc7 28. Rxg7+ Kb6 29. Re7 Rxc2 30. Re2 $16) 17... f5 $1 (17... d4
18. Rxf7 Bf6 19. Nd5 $18) 18. Qxg6 d4 19. Qxg7 Bd6 20. Bf4 (20. Bf2 dxc3 21.
Qxc3 fxe4 $16) 20... Bxf4 21. Rxf4 dxc3 22. Rxd8+ Rxd8 23. Qxc3 Rd1+ (23... Qd6
24. Rf1 (24. e5 Qd5 25. Rf2 f4 26. Nf1 Rg8 27. Qh3 Qxe5 $44) 24... f4 (24...
fxe4 25. Re1 Qd4+ 26. Qxd4 Rxd4 27. b3 $18) 25. Ne2 e5 26. Qc4 (26. b4 Bxe4 27.
bxc5 Qg6 $132) 26... Kb8 27. Nc3 Qd4+ 28. Qxd4 cxd4 29. Nd5 Bxd5 30. exd5 Rxd5
$14) 24. Rf1 Rxf1+ $6 (24... Rd4 $1 25. Re1 (25. a3 fxe4 26. b4 e3 27. Qxc5
Qxc5 28. bxc5 Rd2 29. Re1 Rxg2+ 30. Kf1 Rf2+ (30... Rxc2 31. Rxe3 Bd5 32. h4
$11) 31. Kg1 $11) 25... fxe4 26. Qe3 $16) 25. Kxf1 f4 $2 (25... fxe4 $16) 26.
Ne2 $18 (26. Qh8+ Kc7) 26... Qxe4 27. Qxc5+ Kb8 (27... Kd7 28. Qd4+ Qxd4 29.
Nxd4 $18) 28. Qd6+ Kc8 29. Qf8+ Kd7 30. Qf7+ Kc8 31. Nxf4 Qxc2 32. Qxe6+ Kb8
33. Qd6+ Ka8 34. Qd8+ Ka7 35. Qd4+ Ka8 36. h4 Qb1+ 37. Kf2 Qxa2 38. h5 1-0

[Event "Rishon Le Ziyyon 9798"]
[Site "Rishon Le Ziyyon"]
[Date "1997.08.23"]
[Round "5"]
[White "Stepak, Yedael"]
[Black "Tsesarsky, Ilya"]
[Result "0-1"]
[WhiteElo "2305"]
[BlackElo "2390"]
[Annotator "Tsesarsky,I"]
[PlyCount "88"]
[EventDate "1997.12.25"]
[EventType "swiss"]
[EventRounds "9"]
[EventCountry "ISR"]
[SourceTitle "CBM 060"]
[Source "ChessBase"]
[SourceDate "1997.09.29"]
[SourceVersion "1"]
[SourceVersionDate "1997.09.29"]
[SourceQuality "1"]

1. e4 c5 2. Nf3 Nc6 3. Bb5 e6 4. O-O Nge7 5. c3 d5 6. Qe2 $6 $146 a6 7. Ba4
dxe4 8. Qxe4 b5 9. Bc2 Bb7 10. Qe2 (10. a4 Qd7 (10... Nd4 11. Qxb7 Nxc2 12. Ra2
$16) 11. Qe2 (11. axb5 Nb4) 11... b4 12. Rd1 Nd5 13. d4 cxd4 14. Nxd4 Nxd4 15.
Rxd4 Bc5 16. Rh4 h6 17. Rg4 g5 $132) 10... Ng6 11. a4 Bd6 $1 12. d4 (12. axb5
Nf4 $1) 12... cxd4 13. cxd4 (13. axb5 axb5 14. Rxa8 Qxa8 15. Rd1 O-O $132)
13... Nb4 $1 14. Be4 Bxe4 15. Qxe4 bxa4 $15 (15... O-O 16. axb5 axb5 17. Bg5
Qb8 18. Nc3 Rxa1 19. Rxa1 h6 20. Bd2 $11) 16. Nc3 (16. Bg5 Qb8 $15) 16... O-O
17. h4 $6 (17. Rxa4 h6 $15) 17... h6 18. g3 Ne7 $1 {[%csl Rd4,Gd5]} 19. Rxa4
Ned5 20. Bd2 Qb6 21. Rfa1 Nf6 $1 22. Qe2 Qb7 {[%csl Gd5,Ge4]} 23. Be3 (23. Nd1
Nfd5 24. Ne5 Rfd8 $15) 23... Rfc8 24. Ne1 $6 (24. Ne5) 24... Nfd5 25. Nxd5 $2 (
25. Ne4 Qe7 26. Bd2 Rab8 27. Nxd6 Qxd6 28. Bxb4 Nxb4 29. Qe5 $15) 25... Qxd5
$17 26. Ra5 Qe4 27. Qf3 (27. R1a4 Rc6 $17) 27... Qxf3 28. Nxf3 Nc2 (28... Rc2
$17) 29. R1a4 (29. Rc1 Nxe3 30. Rxc8+ Rxc8 31. fxe3 Bxg3 32. Kg2 Bb8 33. Rxa6
Rc2+ 34. Kh3 Rxb2 $17) 29... Nxe3 30. fxe3 Bxg3 31. Rc5 (31. Kg2 Bb8 32. Rxa6 (
32. b4 Rc2+ 33. Kf1 Rb2 34. e4 (34. b5 axb5 35. Rxa8 bxa4 36. Rxa4 Bg3 $19)
34... Bg3 35. Ra2 Rxb4 36. Kg2 Bf4 37. Rxa6 Rxa6 38. Rxa6 g5 $17) 32... Rxa6
33. Rxa6 Rc2+ 34. Kh3 Rxb2 $17) 31... Rcb8 32. b4 Bd6 33. Rc4 Rb6 34. Ne1 Bg3
$1 $19 35. Nd3 (35. Nf3 Rab8 $19) 35... Bxh4 36. Kg2 Be7 37. Rc7 Bd6 38. Rd7
Kf8 39. Nc5 Ke8 40. Kf3 Bxc5 41. bxc5 Kxd7 42. cxb6 Kc6 43. Rb4 Rb8 44. Ra4
Kxb6 0-1

[Event "ISR-chT"]
[Site "Israel"]
[Date "2001.04.20"]
[Round "7"]
[White "Sutovsky, Emil"]
[Black "Tsesarsky, Ilya"]
[Result "1-0"]
[WhiteElo "2605"]
[BlackElo "2450"]
[Annotator "Tsesarsky,I"]
[PlyCount "44"]
[EventDate "2001.02.??"]
[EventType "team"]
[EventRounds "11"]
[EventCountry "ISR"]
[SourceTitle "CBM 082"]
[Source "ChessBase"]
[SourceDate "2001.05.17"]
[SourceVersion "1"]
[SourceVersionDate "2001.05.17"]
[SourceQuality "1"]

1. e4 c5 2. Nf3 Nc6 3. Bb5 e6 4. O-O Nge7 5. c3 d5 6. exd5 Qxd5 7. Re1 Bd7 ({
Worth of attention} 7... a6 8. Bf1 {And now} Nf5 $5 {[%csl Gf5][%cal Gf5d4]
Nf5 placed more actively than on d6!} 9. Na3 Qd8 (9... Be7 10. Nc4 Qd8 11. a4
b6 (11... O-O $6 12. a5 $14 (12. d3 $6 {1-0 Kosintseva,T-Chasovnikova,E/
Rybinsk 1999/EXT 2000 (36)})) 12. Qb3 Rb8 $132) 10. Nc2 Be7 11. Ne3 Nxe3 12.
dxe3 O-O 13. e4 e5 14. Be3 {1/2-1/2 Seifert,H-Ciemniak,R/Bielsko-Biala 1991/
EXT 97 (14)}) 8. Na3 Nf5 $2 $16 {[%cal Gf5d6] Good idea in wrong
implementation! Previous a7-a6 was stronger. In other hand, refutation of the
last move is not simple!} (8... Ng6 {-mainline}) (8... a6 9. Bf1 (9. Nc4 Nc8
10. Bxc6 Bxc6 11. Nce5 Nb6 (11... Be7 12. c4 Qd6 13. Nxc6 Qxc6 14. Ne5 Qc7 15.
Qa4+ Kf8 16. d4 $36 {1-0 Kaidanov,G-Petrienko,V/Minsk 1986/EXT 2000 (37)}) 12.
Nxc6 Qxc6 13. d4 Bd6 $11) 9... Nf5 (9... Qd6 10. Nc2 (10. Nc4 Qc7 11. d4 cxd4 (
11... b5 12. Nce5 cxd4 13. a4 bxa4 14. Rxa4 Nd5 (14... dxc3 15. Nxd7 Qxd7 16.
Rxa6 Rxa6 17. Bxa6 cxb2 18. Bxb2 Nd5 19. Bb5 $16) 15. Nxd7 Qxd7 16. Bb5 $16 {
1-0 Sveshnikov,E-Sermek,D/Bled 1998/EXT 99 (28)})) 10... Rd8 11. g3 Nd5 12. d4
cxd4 13. Ncxd4 Nxd4 14. Nxd4 Be7 $132 {1/2-1/2 Brady,S-Berend,F/Debrecen 1992/
EU-chT (61)}) 10. g4 Nh6 11. h3 $14 {[%cal Gd2d4]}) (8... Rc8 9. d4 (9. Nc4 Ng6
10. Ne3 Qd6 11. d4 cxd4 12. Nf5 Qd5 13. N5xd4 Nxd4 14. Bxd7+ Qxd7 15. Qxd4 Qxd4
16. Nxd4 Bc5 $11 {0-1 Roth,P-Podlesnik,B/Werfen 1992/EXT 97 (48)}) 9... cxd4
10. cxd4 Nb4 11. Re5 Qd6 12. Bd2 Ned5 13. Rg5 $13 {1-0 Cherniaev,A-Bernard,J/
Geneva SUI 2001/The Week in Chess 334 (30)}) (8... Qd6 9. Nc4 Qc7 10. d4 cxd4
11. Nxd4 Nxd4 (11... O-O-O 12. Bxc6 Bxc6 13. Ne5 $1 {[%csl Rf7]} Nf5 14. Nexc6
bxc6 15. Qa4 $16 {0-1 Zarnicki,P-Hamdouchi,H/Biel 1993/CBM 37 (38)}) 12. Qxd4
Nc6 13. Qg4 {[%cal Gg4g7]} O-O-O $14) 9. Bc4 $1 Qd6 $8 10. d4 $1 cxd4 (10... a6
11. d5 $1 Nd8 12. dxe6 Nxe6 13. Qd5 $1 $16 {[%csl Rb7,Rf5]} Qxd5 14. Bxd5 $16)
11. Nb5 Qb8 12. cxd4 {[%csl Re8][%cal Gd4d5,Ge1e8]} (12. g3 $6 {was not such
effective:} Qd8 (12... dxc3 13. Bf4 cxb2 14. Rb1 Qc8 15. Nc7+ Ke7 16. Qd3 {
[%csl Rf5]} Kd8 17. Bxe6 fxe6 18. Nxe6+ Ke8 19. Nc7+ Kf7 (19... Kd8 20. Re8#)
20. Nxa8 $16) 13. Bf4 (13. cxd4 Bb4 14. d5 Bxe1 15. Qxe1 Na5 16. Bd3 O-O 17.
Bxf5 exf5 $17) 13... Rc8 14. cxd4 Bb4 15. Nc3 (15. d5 Bxe1 16. Qxe1 Nce7 17.
dxe6 Rxc4 18. exd7+ Qxd7 19. a4 f6 $17) (15. Re4 O-O 16. d5 exd5 17. Qxd5 Nce7
18. Qd3 Bc6 $17) 15... O-O $132) 12... Bb4 {On this tempo-move defence of
Black was based.} 13. d5 $1 {[%mdl 512] Good sacrifice!} (13. Bd2 $2 Bxd2 14.
Qxd2 O-O 15. Nc3 Nce7 16. Ne5 Rd8 $132) 13... Bxe1 14. Qxe1 {[%csl Re8]} Nce7 (
14... Nd8 {Here White had to find} 15. Qe4 $1 (15. g4 $6 Ne7 16. d6 Nd5 17.
Nfd4 O-O 18. Bxd5 Bxb5 $17) (15. Ne5 $5 Qc8 16. g4 a6 17. gxf5 Bxb5 18. dxe6
fxe6 19. Bb3 Qc7 (19... O-O 20. fxe6 $16) 20. Bg5 Rf8 $44) 15... O-O 16. Bf4
Qc8 (16... exd5 17. Bxd5 Qc8 18. Nc7 Rb8 19. g4 Nh6 20. Ng5 g6 21. Bd6 (21. h3
Bc6 22. Bd6 $16) 21... Nxg4 22. f3 Nf6 23. Qe7 Ne6 24. Qxf6 $18) 17. Nc7 Rb8
18. g4 Ne7 19. dxe6 Bc6 20. Qd3 (20. exf7+ Nxf7 21. Qxe7 Qxg4+ $19) 20... Bxf3
21. Qxf3 Ng6 22. exf7+ Nxf7 23. Bd6 $16) 15. d6 Bxb5 ({Much better was} 15...
Nxd6 {but after} 16. Bf4 {[%csl Rd6][%cal Gf4b8] White keeps advantage in all
variations:} Bxb5 (16... Nxc4 17. Bxb8 Bxb5 18. b3 (18. Qb4 Ba6 19. Bg3 $16)
18... Rxb8 19. bxc4 Bxc4 20. Qe5 O-O 21. Qc5 $18) (16... Nec8 17. Nxd6+ Nxd6
18. Qb4 $16) 17. Bxb5+ Kf8 (17... Nxb5 18. Bxb8 Rxb8 19. Qe5 $18) 18. Qb4 Nec8
19. Bd7 (19. Rd1 Ke7 20. Ne5 Rd8 21. Nd7) 19... a5 20. Qc5 Kg8 (20... b6 21.
Qc6 Ke7 22. Rd1 $18) 21. Bxc8 Qxc8 22. Qxd6 $16) 16. Bxb5+ Nc6 17. d7+ $1 {
this very strong move I undervalued!} Kf8 (17... Ke7 {This move looks better,
but it is illusion. White has huge advantage:} 18. g4 $1 ({Interesting also} 
18. b3 {[%cal Gc1a3]} Qc7 19. Ba3+ Kxd7 20. Ne5+ Kc8 21. Nxc6 (21. Rc1 Nfd4)
21... bxc6 22. Bxc6 Qxc6 23. Rc1 Qxc1 24. Qxc1+ Kb7 25. g4 Nd4 26. Qc5 $16)
18... Nd6 19. Bxc6 (19. Bf4 Rd8 20. Bxc6 bxc6 21. Bg5+ Kxd7 22. Bxd8 Qxd8 23.
Rd1 Qc7 24. Ng5 Ke7 25. Qe5 Rd8 26. Qxg7 $16) 19... bxc6 20. Ne5 {[%csl Rc6]} (
{Wins also} 20. Bf4 Qxb2 21. Bxd6+ Kxd6 22. Rd1+ Ke7 (22... Kc7 23. Ne5 Rhf8
24. Rc1 $18) 23. Ne5 Rhd8 24. Nxc6+ Kf8 25. Nxd8 Rxd8 26. Qa5 Qb6 27. Qa3+ Kg8
28. Qe7 Qb8 29. Rc1 $18) 20... Qb7 (20... Qb5 21. a4 Qb7 22. Bf4 $18) 21. Bf4
f6 22. Rd1 $1 Rhd8 (22... fxe5 23. Qxe5 $18) 23. Qc3 $1 fxe5 24. Qxe5 $18 {
Sutovsky}) (17... Kxd7 18. Ne5+ Ke8 (18... Kc8 19. Nxc6 bxc6 20. Bxc6 $18 {
[%csl Rc8]}) 19. Nxc6 bxc6 20. Bxc6+ Kf8 (20... Ke7 21. b3 Rc8 22. Ba3+ Kf6 23.
Bb2+ Ke7 24. Bxa8 Qxa8 25. Qb4+ Ke8 26. Ba3 $18) 21. b3 $18 {[%csl Rf8,Rh8]
[%cal Gc6a8]}) 18. Bxc6 bxc6 19. Bg5 $1 {[%cal Gd7d8]} Qc7 ({Or} 19... f6 20.
Qxe6 fxg5 21. Qxf5+ $18) 20. Rd1 Ne7 ({Loses also} 20... Nd6 21. Qe5 Qxd7 22.
Rxd6 Qb7 23. Qc5 $18) 21. Qe5 Qd8 22. Qd6 f6 (22... f6 {I resigned here before
Sutovsky plays} 23. Nd4 ({Or} 23. Ne5 fxe5 24. Bxe7+ Qxe7 25. d8=Q+ Rxd8 26.
Qxd8+ Qe8 27. Qc7 $18) 23... Qb6 24. Nxe6+ Kf7 25. Be3 $18) 1-0